Naruto Jutsu Quiz - Statistics

General Stats
  • This quiz has been taken 1,944 times
  • The average score is 4 of 13
Answer Stats
Hint Answer % Correct
Sasuke - Inferno style: Fire _____ Jutsu Ball
79%
Naruto - Tailed Beast _____ Bomb
77%
Kakashi - _______ Chidori
77%
Pain - ________ Push Almighty
56%
Jirarya - _______ Rasengan
45%
Kabuto - __________ Jutsu Reanimation
21%
Gaara - Sand _______ Tsunami
16%
Sakura - Cherry Blossom _____ Clash
13%
Itachi - Super _____ Explosion Clone
13%
Shisui - Uchiha Style ____ Dance Halo
11%
Obito - Sword of ________ Nunoboko
9%
Madara - _________ Heaven Shattered
9%
Kimimaro - ________ Dance Branchen
1%
No matching quizzes found
Score Distribution
Percent of People with Each Score
Percentile by Number Answered
Your Score History
You have not taken this quiz